[Event "Wisconsin Int"]
[Site "Madison"]
[Date "2017.06.13"]
[Round "1"]
[White "Friedel, Joshua E"]
[Black "Raghavan, Vijay"]
[Result "1-0"]
[WhiteElo "2528"]
[BlackElo "2046"]
[PlyCount "73"]
[EventDate "2017.06.13"]
[EventType "swiss"]
[EventRounds "9"]
[EventCountry "USA"]
[SourceTitle "CBM 179 Extra"]
[Source "ChessBase"]
[SourceDate "2017.08.23"]
[SourceVersion "1"]
[SourceVersionDate "2017.08.23"]
[SourceQuality "1"]

1. Nf3 d6 2. d4 g6 3. e4 Nf6 4. Nc3 Bg7 5. Be2 0-0 6. 0-0 c6 7. Re1 Qc7 8. e5 dxe5 9. Nxe5 Nbd7 10. Bf4 Nxe5 11. dxe5 Nd5 12. Nxd5 cxd5 13. Bd3 Be6 14. Qd2 Rfd8 15. a4 Qc8 16. a5 Bf5 17. Ra3 Bxd3 18. Rxd3 Qc6 19. h4 Rac8 20. c3 h5 21. e6 fxe6 22. Rg3 Kf7 23. Qd3 e5 24. Bxe5 Bxe5 25. Rxe5 Rd6 26. Qe3 Rc7 27. Qh6 Rf6 28. Qh7+ Kf8 29. Qh8+ Kf7 30. Rxh5 Qc5 31. Rh7+ Ke6 32. Re3+ Kd6 33. Rhxe7 Rxe7 34. Qxf6+ Kd7 35. Rxe7+ Qxe7 36. Qxe7+ Kxe7 37. f4 1-0